| 000 | 00730nam a22002057a 4500 | ||
|---|---|---|---|
| 999 |
_c8783 _d8783 |
||
| 003 | AR-CdUCM | ||
| 008 | 190326b ||||| |||| 00| 0 spa d | ||
| 040 |
_aMUNICIPALIDAD PROVINCIAL DEL CUSCO _cBIBLIOTECA MUNICIPAL DEL CUSCO |
||
| 082 |
_a869.51 / _bT81 |
||
| 100 |
_aTrillo Raya, Henry Emilio _924492 |
||
| 245 |
_aLayqa : _bUn apu, un brujo, un hombre / |
||
| 260 |
_aQuillabamba : _bImpr. Carlo, _c2016. |
||
| 300 |
_a71 páginas ; _bfotografías, _c20 cm. |
||
| 505 | _aContenido: Fogata con Layqa -- Un viejo brujo -- Anima que deambula en el pueblo -- Fiestas del Cusco -- Déjávu ... | ||
| 650 |
_aLiteratutra _924493 |
||
| 650 |
_aSiglo XX _98 |
||
| 650 |
_aCuentos peruanos _97 |
||
| 942 |
_2ddc _cLIBROS |
||
| 945 | _aachl | ||